000 00668nam a2200193 i 4500
001 114933
003 ES-MaACL
005 20230906190304.0
007 t|
008 070213s1949 sp ||||1| spa d
100 1 _aSoete, W.
_9107021
245 1 0 _aDeterminación y atenuación de tensiones residuales
_b: roturas por decohesión /
_cpor W. Soete.
260 _aMadrid :
_bConsejo Superior de Investigaciones Científicas,
_c1946.
300 _a58 p. :
_bil. ;
_c30 cm.
490 1 _aInstituto de la Soldadura: Publicaciones ;
_v7
830 0 _aInstituto de la Soldadura: Publicaciones ;
_v7
_9185853
852 _aES-MaACL
_jC-56542
999 _c114933
_d114933